Bochum Kader 2024/25 - Statistiken

Allgemein
  • Dieses Quiz wurde 118 mal gespielt
  • Das Durchschnittsergebnis liegt bei 18 aus 28
Antwortstatistiken
Nationalität Spieler % Korrekt
Deutschland Philipp Hofmann
90%
Philippinen/Deutschland Gerrit Holtmann
87%
Deutschland Timo Horn
87%
Deutschland Patrick Drewes
82%
Mali/Frankreich Ibrahima Sissoko
81%
Slowakei Matus Bero
81%
Niederlande Dani de Wit
79%
Frankreich Anthony Losilla
78%
Costa Rica Cristian Gamboa
75%
Deutschland Felix Passlack
71%
Ukraine Ivan Ordets
70%
Deutschland Moritz Broschinski
70%
Serbien Erhan Masovic
69%
Griechenland Georgios Masouras
69%
Deutschland Maximilian Wittek
69%
Niederlande Myron Boadu
69%
Brasilien Bernardo
64%
Japan Koji Miyoshi
60%
Deutschland Tim Oermann
57%
Deutschland/DR Kongo Samuel Bamba
49%
Deutschland Mats Pannewig
47%
Schweiz Noah Loosli
45%
Deutschland Tom Krauß
45%
Kroatien Jakov Medic
44%
Deutschland/Ghana Moritz-Broni Kwarteng
34%
Nordmazedonien/Albanien Agon Elezi
31%
Deutschland Lukas Daschner
31%
Guinea/Senegal Aliou Balde
18%
Keine übereinstimmenden Quizze gefunden
Verteilung der Resultate
Anzahl Personen mit jedem Resultat
Perzentil nach korrekt beantworteten Fragen
Ihre Resultats-Entwicklung
Sie haben dieses Quiz noch nicht gespielt